Statistics for Cuphead Quiz

Click here to take the quiz!

General Stats

  • This quiz has been taken 84 times
  • The average score is 6 of 8

Answer Stats

HintAnswer% Correct
Who's the red mug?Cuphead
100%
Who is the ultimate boss?The Devil
92%
How many bosses are there in the first isle?Five
86%
Who is the assistant of the [above]?King Dice
85%
What's the first vegetable you fight in the Panic Botanic Level?Potato
82%
What is the character from the Mausoleum?Chalice
68%
Which is the boss you fight before facing the King Dice?The Phantom Express
45%
Who gave the shots to [above] and to Mugman?Kettle Lady
3%

Score Distribution

Percentile by Number Answered

Percent of People with Each Score

Your Score History

You have not taken this quiz